| 000 | 00325nam a2200097Ia 4500 | ||
|---|---|---|---|
| 008 | 220120s9999||||xx |||||||||||||| ||und|| | ||
| 100 |
_aSanjith S and Subhas C.V _912579 |
||
| 245 | 0 | _a24X7 human resource work tracking system | |
| 260 |
_aCoorg Institute of Technology _bPonnampet _c2003 |
||
| 650 | _aELECTRONICS AND COMMUNICATIONS | ||
| 999 |
_c138177 _d138177 |
||